[Event "AUTO-INT-2677"]
[Site "http://www.queenalice.com/game.php?id=1198519"]
[Date "2013.7.10"]
[Round "1"]
[White "MASTROIANNI"]
[Black "sioux"]
[Result "0-1"]
[WhiteElo "1537"]
[BlackElo "1532"]

1. d4 d5 2. f4 Bf5 3. e3 Nf6 4. h3 Be4 5. Nc3 g6 6. Nf3 Bxf3 7. Qxf3 e6 8. g4
Bb4 9. Bd2 O-O 10. g5 Bxc3 11. Bxc3 Ne4 12. Bd3 Nxc3 13. bxc3 c6 14. O-O Nd7 15.
h4 c5 16. h5 c4 17. Be2 b5 18. hxg6 fxg6 19. Kf2 a5 20. Rh1 b4 21. Qh3 Qe7 22.
cxb4 axb4 23. Bg4 Rfe8 24. Rae1 Rxa2 25. Bxe6+ Qxe6 26. Qxh7+ Kf8 27. Qh8+ Ke7
28. Qh7+ Kd6 29. Rh6 Rxc2+ 30. Kf1 b3 31. f5 Qxf5+ 32. Kg1 Qf2+ 33. Kh1 Qg2# 0-1

[Event "AUTO-INT-2677"]
[Site "http://www.queenalice.com/game.php?id=1198520"]
[Date "2013.7.10"]
[Round "1"]
[White "sioux"]
[Black "MASTROIANNI"]
[Result "0-1"]
[WhiteElo "1625"]
[BlackElo "1543"]

1. e4 c5 2. Qh5 e6 3. Bc4 Nf6 4. Qf3 Nc6 5. d3 a6 6. Bg5 h6 7. Bxf6 gxf6 8. Ne2
b5 9. Bb3 a5 10. a4 b4 11. O-O Bb7 12. Ba2 Bg7 13. c3 O-O 14. Nf4 Ne5 15. Qe2 f5
16. exf5 exf5 17. f3 Qg5 18. Nh3 Qg6 19. f4 Ng4 20. Qe7 Ne5 21. Qxc5 Qxg2# 0-1

[Event "AUTO-INT-2677"]
[Site "http://www.queenalice.com/game.php?id=1198535"]
[Date "2013.7.10"]
[Round "1"]
[White "Rijo"]
[Black "sioux"]
[Result "1-0"]
[WhiteElo "1637"]
[BlackElo "1513"]

1. e4 e5 2. Nf3 Nc6 3. Bc4 h6 4. d3 Nf6 5. Be3 Bb4+ 6. c3 Be7 7. Qb3 O-O 8. Nbd2
b6 9. O-O-O a6 10. h3 d6 11. d4 exd4 12. cxd4 b5 13. Bd5 Bb7 14. e5 dxe5 15.
dxe5 Nh7 16. Ne4 Qc8 17. Qc3 Bb4 18. Qb3 Rb8 19. Bxc6 Be7 20. Bd7 Qd8 21. Bxb5
Qc8 22. Bd7 Qd8 23. Bc6 Bxc6 24. Rxd8 Rfxd8 25. Qc2 Bxe4 26. Qxe4 Ng5 27. Nxg5
hxg5 28. e6 Bf6 29. e7 Re8 30. Ba7 Rxb2 31. Qa4 Rxe7 32. Bd4 Bxd4 33. Qxd4 Rxa2
34. Rd1 a5 35. Qd8+ Kh7 36. Qxe7 Rxf2 37. Qxg5 f6 38. Qh4+ Kg8 39. Qxf2 g5 40.
Qxf6 a4 41. Rd8+ Kh7 42. Rh8# 1-0

[Event "AUTO-INT-2677"]
[Site "http://www.queenalice.com/game.php?id=1198536"]
[Date "2013.7.10"]
[Round "1"]
[White "sioux"]
[Black "Rijo"]
[Result "0-1"]
[WhiteElo "1562"]
[BlackElo "1565"]

1. e4 e5 2. Qh5 Nc6 3. Bb5 Nf6 4. Bxc6 Nxh5 5. Ba4 Nf6 6. d3 c6 7. Nf3 d5 8.
exd5 Qxd5 9. O-O Bd7 10. c4 Qxd3 11. Na3 c5 12. Bxd7+ Nxd7 13. Nb5 Kd8 14. Bg5+
Be7 15. Bxe7+ Kxe7 16. Rfd1 Qxc4 17. Nd6 Qb4 18. Nxf7 Rhf8 19. Nd6 Qxb2 20. h3
Rf6 21. Nf5+ Rxf5 22. g4 Rxf3 23. Rf1 Rxh3 24. Rab1 Qxa2 25. Rxb7 Qd5 26. f3
Qxb7 27. Kg2 Qxf3+ 28. Rxf3 Rxf3 29. Kxf3 a5 30. Ke3 g6 0-1

[Event "AUTO-INT-2677"]
[Site "http://www.queenalice.com/game.php?id=1198547"]
[Date "2013.7.10"]
[Round "1"]
[White "sioux"]
[Black "brumbaz"]
[Result "0-1"]
[WhiteElo "1587"]
[BlackElo "1595"]

1. e4 e5 2. Qh5 Nf6 3. Qxe5+ Be7 4. d3 O-O 5. Bg5 d6 6. Qc3 Be6 7. Nf3 c5 8. e5
Nd5 9. Qb3 Ne3 10. Bxe3 Bxb3 11. axb3 Nc6 12. exd6 Bxd6 13. c4 Qf6 14. Ra2 Nb4
15. Bg5 Qe6+ 16. Be2 Rae8 17. Nbd2 Qxe2# 0-1

[Event "AUTO-INT-2677"]
[Site "http://www.queenalice.com/game.php?id=1198548"]
[Date "2013.7.10"]
[Round "1"]
[White "brumbaz"]
[Black "sioux"]
[Result "1/2-1/2"]
[WhiteElo "1634"]
[BlackElo "1576"]

1. e4 e5 2. Nf3 Nc6 3. Bd3 Nf6 4. O-O d6 5. Nh4 Nd4 6. c3 Nc6 7. b4 Nxe4 8. g3
Nf6 9. Qe1 Bh3 10. b5 Bxf1 11. Bxf1 Nb8 12. c4 c6 13. d4 Qe7 14. Nf5 Qe6 15. Bd3
e4 16. Bxe4 Qxe4 17. Ne3 Be7 18. Nc3 Qxd4 19. Nf5 Qe5 20. Nxg7+ Kf8 21. Bh6
Qxe1+ 22. Rxe1 Nbd7 23. Nf5+ Ke8 24. Rxe7+ Kd8 25. Rxf7 cxb5 26. Nxb5 a6 27.
Nbxd6 b5 28. Nb7+ Kc8 29. Nfd6+ Kc7 30. Bf4 h5 31. c5 Raf8 32. Na5 Rxf7 33.
Nxf7+ Kc8 34. Nxh8 Nxc5 35. Nf7 Nfe4 36. f3 Nc3 37. g4 hxg4 38. fxg4 Nxa2 39. g5
Ne6 40. Be5 Kd7 41. g6 b4 42. g7 Nxg7 43. Bxg7 Ke7 44. Ne5 Ke6 45. h4 Nc3 46. h5
Ne4 47. h6 Ng5 48. Nec6 Kf7 49. Nxb4 Kg6 50. Nxa6 Kh7 51. Nc5 Nf3+ 52. Kf2 Nh2
53. Nc4 Ng4+ 54. Kg3 Nxh6 55. Bxh6 Kxh6 56. Kg4 Kg6 57. Ne5+ Kf6 58. Kf4 Ke7 59.
Kf5 Ke8 60. Ke6 Kd8 61. Nc6+ Kc7 62. Kd5 Kc8 63. Kd6 1/2-1/2

[Event "AUTO-INT-2678"]
[Site "http://www.queenalice.com/game.php?id=1198875"]
[Date "2013.7.11"]
[Round "1"]
[White "sioux"]
[Black "santanacampos"]
[Result "0-1"]
[WhiteElo "1605"]
[BlackElo "1566"]

1. e4 e5 2. Qh5 Qf6 3. d3 Bc5 4. Bg5 Qxf2+ 5. Kd1 Qxf1+ 6. Kd2 Qxg2+ 7. Kc3 Qxh1
8. Nd2 Bd4+ 9. Kc4 Bxg1 10. Bh4 Qxh2 11. Nf3 Qxc2+ 12. Kd5 Nf6+ 0-1

[Event "AUTO-INT-2678"]
[Site "http://www.queenalice.com/game.php?id=1198876"]
[Date "2013.7.11"]
[Round "1"]
[White "santanacampos"]
[Black "sioux"]
[Result "1/2-1/2"]
[WhiteElo "1661"]
[BlackElo "1646"]

1. e4 e5 2. c4 c5 3. Nf3 d6 4. Be2 Nf6 5. O-O Nxe4 6. d3 Nf6 7. Nc3 Bg4 8. Bg5
Nbd7 9. Nd5 Be7 10. Bxf6 Bxf6 11. h3 Be6 12. Nxf6+ Nxf6 13. Qa4+ Bd7 14. Qb3 b6
15. g4 O-O 16. Qc2 a6 17. Nd2 b5 18. f3 b4 19. b3 a5 20. a4 Bc6 21. Ne4 Nxe4 22.
fxe4 f6 23. h4 h6 24. Qd2 Ra7 25. Qe1 Bb7 26. Qg3 g5 27. hxg5 fxg5 28. Rxf8+
Qxf8 29. Rf1 Qe7 30. Qh3 Kg7 31. Qh5 Ra8 32. Kg2 Rf8 33. Rh1 Rh8 34. Rf1 Bc8 35.
Rh1 1/2-1/2

[Event "AUTO-INT-2678"]
[Site "http://www.queenalice.com/game.php?id=1198877"]
[Date "2013.7.11"]
[Round "1"]
[White "sioux"]
[Black "bdpq"]
[Result "0-1"]
[WhiteElo "1553"]
[BlackElo "1672"]

1. e4 d5 2. exd5 Qxd5 3. Nc3 Qd8 4. Bc4 e6 5. Nf3 Bb4 6. O-O Bxc3 7. dxc3 Nc6 8.
Bg5 f6 9. Qxd8+ Nxd8 10. Bd2 Bd7 11. Rfe1 Nf7 12. b4 Ne7 13. Bxe6 Bxe6 14. Rxe6
Nd8 15. Ree1 Nc6 16. a4 O-O 17. b5 Ne5 18. Nxe5 fxe5 19. Rxe5 Nf5 20. g4 Nh4 21.
Re7 Nf3+ 22. Kg2 Nxd2 23. Rxc7 b6 24. h3 h6 25. c4 Ne4 26. Rc1 Rxf2+ 27. Kg1 Rd8
28. Rxa7 Rfd2 29. Rb7 R8d4 30. Rxb6 Rxc4 31. Re6 Rxa4 32. b6 Nc5 33. Re7 Ra3 34.
b7 Nxb7 35. Rxb7 Rxh3 36. c4 Rdh2 37. c5 Rh4 38. c6 Rh1+ 39. Kg2 Rxc1 40. c7
Rxg4+ 41. Kf3 Rgc4 42. Rb8+ Kh7 43. Ke2 Rxc7 44. Kd2 R1c6 45. Ke3 Rd7 46. Rb5
Re6+ 47. Kf4 Rf7+ 48. Kg4 Rg6+ 49. Kh5 Rf1 50. Rb4 Rg5+ 51. Kh4 Rh1# 0-1

[Event "AUTO-INT-2678"]
[Site "http://www.queenalice.com/game.php?id=1198878"]
[Date "2013.7.11"]
[Round "1"]
[White "bdpq"]
[Black "sioux"]
[Result "1-0"]
[WhiteElo "1683"]
[BlackElo "1542"]

1. e4 e5 2. d4 exd4 3. Qxd4 Nc6 4. Qd1 d6 5. Nf3 Bg4 6. Be2 Nf6 7. Bg5 Be7 8. h3
Bxf3 9. Bxf3 Nxe4 10. Bxe4 Bxg5 11. Bxc6+ bxc6 12. O-O O-O 13. Re1 d5 14. Nc3 a5
15. Qf3 Bf6 16. Re3 d4 17. Rd3 c5 18. Nd5 Rb8 19. Nxf6+ Qxf6 20. Qxf6 gxf6 21.
b3 Rfe8 22. Rf3 Kg7 23. c3 dxc3 24. Rxc3 Re5 25. Rg3+ Kh8 26. Rd1 Re2 27. Rgd3
Rxa2 28. Rd7 Kg7 29. Re7 c6 30. Rdd7 Kg6 31. Rxf7 Rxb3 32. Rxh7 a4 33. Rdg7+ Kf5
34. Rh5+ Ke6 35. Rxc5 Ra1+ 36. Kh2 a3 37. Rxc6+ Ke5 38. Rf7 a2 39. Rfxf6 Rf1 40.
Rce6+ Kd5 41. Rd6+ Ke5 42. f4+ Rxf4 43. Rfe6+ Kf5 44. Ra6 Rb2 45. Rec6 Rf1 46.
Rf6+ Ke4 47. Rxf1 Ke3 48. Ra1 Kd2 49. R1xa2 Rxa2 50. Rxa2+ Ke3 51. Ra4 Kf2 52.
h4 1-0

[Event "AUTO-INT-2678"]
[Site "http://www.queenalice.com/game.php?id=1198879"]
[Date "2013.7.11"]
[Round "1"]
[White "sioux"]
[Black "ChessColossos"]
[Result "0-1"]
[WhiteElo "1520"]
[BlackElo "1740"]

1. e4 e5 2. Qh5 d6 3. Bc4 g6 4. Qf3 Nf6 5. d3 Be7 6. Bg5 Bg4 7. Qe3 Nc6 8. h3
Bd7 9. Bxf6 Bxf6 10. c3 Na5 11. Bd5 c6 12. Bb3 Nxb3 13. axb3 O-O 14. Nf3 Be6 15.
c4 d5 16. Rxa7 d4 17. Qd2 Rxa7 18. O-O b5 19. c5 Bxb3 20. Qb4 Bc2 21. Qd2 Bxb1
22. Rxb1 Qe7 23. b4 Rfa8 24. Kh2 Ra2 25. Rb2 Rxb2 26. Qxb2 Ra4 27. g3 Qe6 28.
Kg2 Ra2 29. Qb1 Ra3 30. Qb2 Rxd3 31. Ne1 Rb3 32. Qc2 Rxb4 33. Nf3 Rc4 34. Qd3
Rxc5 35. h4 b4 36. Nd2 Rc3 37. Qe2 c5 38. Qd1 b3 39. Nxb3 Rxb3 40. f3 c4 41. Qa1
c3 42. Qa8+ Kg7 43. Kf2 c2 44. Qa1 Rb1 45. Qa2 Qxa2 0-1

[Event "AUTO-INT-2678"]
[Site "http://www.queenalice.com/game.php?id=1198880"]
[Date "2013.7.11"]
[Round "1"]
[White "ChessColossos"]
[Black "sioux"]
[Result "1-0"]
[WhiteElo "1708"]
[BlackElo "1638"]

1. e4 e5 2. f4 exf4 3. Bc4 Bc5 4. d4 Bb4+ 5. c3 Ba5 6. Bxf7+ Kxf7 7. Qh5+ g6 8.
Qxa5 b6 9. Qd5+ Kf8 10. Qxa8 Nc6 11. Bxf4 Kg7 12. Nf3 Nge7 13. Ne5 Nxe5 14.
Bxe5+ Kh6 15. Bxh8 Qxh8 16. Qxa7 Qd8 17. O-O d6 18. Nd2 c5 19. Rf7 Nc6 20. Rxh7+
Kg5 21. d5 Nxa7 22. Rxa7 Kh6 23. Rf1 Qg5 24. Rf2 c4 25. Nxc4 b5 26. Nxd6 Bg4 27.
Nf7+ 1-0

[Event "AUTO-INT-2688"]
[Site "http://www.queenalice.com/game.php?id=1202562"]
[Date "2013.7.26"]
[Round "1"]
[White "Igor2000"]
[Black "sioux"]
[Result "0-1"]
[WhiteElo "1763"]
[BlackElo "1540"]

1. e4 e5 2. Nf3 Nc6 3. d4 exd4 4. Nxd4 Nxd4 5. Qxd4 Nf6 6. Nc3 Bb4 7. Bd2 O-O 8.
Nd5 Bxd2+ 9. Qxd2 Nxe4 10. Qe3 Nf6 11. Bc4 Re8 12. Qxe8+ Qxe8+ 13. Ne3 Ng4 14.
O-O Nxe3 15. Rfe1 Qd8 16. Rxe3 g6 17. Rae1 Kg7 18. Rf3 d5 19. Rd3 Be6 0-1

[Event "AUTO-INT-2688"]
[Site "http://www.queenalice.com/game.php?id=1202563"]
[Date "2013.7.26"]
[Round "1"]
[White "sioux"]
[Black "Igor2000"]
[Result "0-1"]
[WhiteElo "1532"]
[BlackElo "1789"]

1. e4 c5 2. Bc4 e6 3. Qf3 Nc6 4. d3 Ne5 5. Qf4 Nxc4 6. dxc4 Nf6 7. Qe3 d6 8. Nf3
Be7 9. b3 Ng4 10. Qd2 O-O 11. O-O b6 12. h3 Nf6 13. Qd3 Bb7 14. e5 dxe5 15. Qxd8
Rfxd8 16. Nbd2 e4 17. Nh2 h6 18. Bb2 Rxd2 19. Rac1 Nh5 20. g4 Nf4 21. Bc3 Rdd8
22. a4 Ne2+ 23. Kg2 Nxc3 24. f3 e3 25. Rfe1 Rd2+ 26. Kh1 e2 27. Kg1 Rad8 28. f4
Rd1 29. Nf3 Bxf3 30. Kf2 Bh4+ 31. Kxf3 Bxe1 32. Rxd1 exd1=Q+ 0-1

[Event "AUTO-INT-2688"]
[Site "http://www.queenalice.com/game.php?id=1202580"]
[Date "2013.7.26"]
[Round "1"]
[White "sioux"]
[Black "reccar"]
[Result "1-0"]
[WhiteElo "1506"]
[BlackElo "1431"]

1. e4 e5 2. Qh5 g6 3. Qxe5+ Be7 4. Qxh8 Kf8 5. Bc4 Bf6 6. Qxh7 Bg7 7. d3 Nf6 8.
Qh3 d5 9. Qe3 dxc4 10. Qc5+ Kg8 11. Qxc4 Be6 12. Qc3 Nbd7 13. Nf3 Nxe4 14. Qb4
b6 15. Qxe4 Nc5 16. Qb4 Bf8 17. Qd2 Nd7 18. c4 c5 19. O-O Qf6 20. Ng5 Qh8 21.
Nxe6 fxe6 22. Nc3 Re8 23. b4 Re7 24. Bb2 Rh7 25. Ne4 Bg7 26. Bxg7 Qxg7 27. Nd6
Qh6 28. Qxh6 Rxh6 29. Rfe1 e5 30. bxc5 1-0

[Event "AUTO-INT-2688"]
[Site "http://www.queenalice.com/game.php?id=1202581"]
[Date "2013.7.26"]
[Round "1"]
[White "reccar"]
[Black "sioux"]
[Result "0-1"]
[WhiteElo "1418"]
[BlackElo "1519"]

1. e4 e5 2. d3 Nc6 3. Nf3 Bb4+ 4. Nc3 Bxc3+ 5. bxc3 Nf6 6. h3 O-O 7. Be2 d6 8.
a3 b6 9. c4 a5 10. O-O Ne7 11. Ng5 h6 12. Nf3 c5 13. Nh2 g5 14. Bb2 Nh7 15. Ng4
Bxg4 16. Bxg4 Ng6 17. g3 Nf6 18. Bf5 Ne7 19. Qf3 Nxf5 20. Qxf5 Kg7 21. c3 Nd7
22. Qf3 Kg6 23. Qf5+ Kg7 24. Bc1 Ra7 25. Qg4 Kg6 26. Qf5+ Kg7 0-1

[Event "AUTO-INT-2688"]
[Site "http://www.queenalice.com/game.php?id=1202582"]
[Date "2013.7.26"]
[Round "1"]
[White "sioux"]
[Black "bdpq"]
[Result "1/2-1/2"]
[WhiteElo "1533"]
[BlackElo "1710"]

1. e4 d5 2. exd5 Qxd5 3. Nc3 Qe6+ 4. Qe2 g6 5. Qxe6 Bxe6 6. Nf3 Nc6 7. Bb5 a6 8.
Bxc6+ bxc6 9. O-O Bg7 10. d3 Bxc3 11. bxc3 Nf6 12. Bg5 Bg4 13. h3 Bxf3 14. gxf3
O-O 15. c4 Rab8 16. Bf4 Rb7 17. a4 Rb2 18. Rfc1 Nh5 19. Bxc7 Rb7 20. Bg3 f5 21.
Be5 f4 22. Re1 e6 23. Bd6 Re8 24. a5 Rb2 25. Rec1 Rd8 26. Be5 Rb7 27. Kg2 g5 28.
Re1 Rb2 29. Bxb2 Kf7 30. Re5 Ng7 31. Rxg5 Nf5 32. Be5 Nh4+ 33. Kh2 Nxf3+ 34. Kg2
Nxg5 35. Bxf4 Rg8 36. Bxg5 Rxg5+ 37. Kh2 Kf6 38. Rb1 Rxa5 39. Rb6 c5 40. f4 Ra2
41. Rc6 Rxc2+ 42. Kg3 Rc3 43. Rxc5 Rxd3+ 44. Kg4 Ra3 45. Rc6 Ra5 46. f5 Rxf5 47.
Rxa6 Re5 48. Kf4 Rc5 49. Ra4 e5+ 50. Ke4 Kg5 51. Rb4 Kh4 52. Rb7 h5 53. Rh7
Rxc4+ 54. Kxe5 Rc3 55. Kf5 Rxh3 56. Kf4 Rg3 57. Rh6 Rg4+ 58. Kf5 Rg5+ 59. Kf6
Kg4 60. Kf7 h4 61. Rd6 h3 62. Rd4+ Kg3 63. Rd3+ Kh2 64. Kf6 Rg3 65. Rd2+ Kh1 66.
Kf5 h2 67. Kf4 Rg1 68. Kf3 Rf1+ 69. Kg3 Rg1+ 70. Kh3 Ra1 71. Rxh2+ Kg1 72. Rg2+
1/2-1/2

[Event "AUTO-INT-2688"]
[Site "http://www.queenalice.com/game.php?id=1202583"]
[Date "2013.7.26"]
[Round "1"]
[White "bdpq"]
[Black "sioux"]
[Result "1-0"]
[WhiteElo "1682"]
[BlackElo "1546"]

1. e4 e5 2. d4 exd4 3. Qxd4 Nc6 4. Qd1 d6 5. Bb5 Bd7 6. Nf3 Nf6 7. Bg5 a6 8.
Bxc6 Bxc6 9. Bxf6 Qxf6 10. Nbd2 Qxb2 11. O-O Bb5 12. Re1 Ba4 13. Qb1 Qxc2 14.
Qxb7 Rd8 15. Rec1 Bc6 16. Qxc6+ Qxc6 17. Rxc6 a5 18. Rxc7 Be7 19. Ra7 Bf6 20.
Rc1 O-O 21. Rxa5 Rc8 22. Nb3 Rxc1+ 23. Nxc1 Re8 24. Nd2 d5 25. g3 Bc3 26. Rxd5
Bxd2 27. Rxd2 Rxe4 28. Rd8+ 1-0

[Event "Challenge"]
[Site "http://www.queenalice.com/game.php?id=1216447"]
[Date "2013.9.12"]
[Round "-"]
[White "Igor2000"]
[Black "sioux"]
[Result "1-0"]
[WhiteElo "1866"]
[BlackElo "1590"]

1. e4 e5 2. Nf3 Nc6 3. d4 exd4 4. Nxd4 Nxd4 5. Qxd4 Nf6 6. Bc4 c5 7. Qd1 Nxe4 8.
O-O Nf6 9. Bg5 Be7 10. Nc3 b6 11. Bd5 Rb8 12. Bf4 d6 13. Re1 O-O 14. Bf3 Bb7 15.
Bxb7 Rxb7 16. Nb5 a6 17. Nxd6 Bxd6 18. Bxd6 Re8 19. Rxe8+ Qxe8 20. Bg3 b5 21.
Qd2 Rd7 22. Qa5 Re7 23. Bd6 Rd7 24. Bxc5 Ne4 25. Be3 Rd6 26. Qb4 Qd8 27. g3 Qf6
28. Qxe4 h6 29. Bc5 Rc6 30. Bd4 Qg6 31. Qxg6 Rxg6 32. c3 Re6 33. b3 g5 34. a4 f5
35. axb5 axb5 36. Rc1 Kh7 37. c4 bxc4 38. Rxc4 Re1+ 39. Kg2 Kg6 40. b4 Rb1 41.
Rc6+ Kh5 42. Rb6 g4 43. Bg7 Kg5 44. b5 h5 45. Bh6# 1-0

[Event "Challenge"]
[Site "http://www.queenalice.com/game.php?id=1216448"]
[Date "2013.9.12"]
[Round "-"]
[White "sioux"]
[Black "Igor2000"]
[Result "0-1"]
[WhiteElo "1585"]
[BlackElo "1871"]

1. e4 c5 2. c4 d6 3. Nc3 Nc6 4. Nd5 e6 5. Nc3 Be7 6. d3 Nf6 7. Bg5 d5 8. exd5
exd5 9. Nf3 dxc4 10. dxc4 O-O 11. Bd3 Bg4 12. Be2 h6 13. Bxf6 Bxf6 14. Qxd8
Raxd8 15. O-O Nd4 16. Rfe1 Nxe2+ 17. Rxe2 Bf5 18. Nd5 Bd4 19. Ne7+ Kh7 20. Nxf5
Bf6 21. Rb1 g6 22. Ne3 Rfe8 23. Ree1 b6 24. Nd5 Rxe1+ 25. Nxe1 Bd4 26. Rd1 Bxb2
27. Nf3 Re8 28. Nf6+ Bxf6 29. a4 a6 30. h3 Rb8 31. Rd6 Kg7 32. Nd2 Be7 33. Rd7
Bf6 34. Ra7 a5 35. Nb3 Bc3 36. Kh2 Bb4 37. g3 g5 38. g4 Kg6 39. f3 Re8 40. Rb7
Re6 41. Kg2 Re2+ 42. Kh1 Rb2 43. Na1 Rb1+ 44. Kg2 Rb2+ 45. Kg3 Be1# 0-1

[Event "Challenge"]
[Site "http://www.queenalice.com/game.php?id=1216449"]
[Date "2013.9.12"]
[Round "-"]
[White "Igor2000"]
[Black "sioux"]
[Result "1-0"]
[WhiteElo "1884"]
[BlackElo "1567"]

1. e4 e5 2. Nf3 d6 3. Bc4 h6 4. O-O Bg4 5. Nc3 Nf6 6. d3 c6 7. Be3 b5 8. Bb3 b4
9. Ne2 a5 10. a3 a4 11. Bc4 Bxf3 12. gxf3 c5 13. axb4 cxb4 14. Bb5+ Nbd7 15.
Rxa4 Rxa4 16. Bxa4 Qa5 17. b3 Be7 18. Qa1 Qc7 19. Bxd7+ Qxd7 20. Qa8+ Bd8 21.
Ng3 O-O 22. Ne2 Be7 23. Qa5 Rb8 24. Nc1 Bd8 25. Qa1 Qc7 26. Qb2 Rc8 27. Na2 Qxc2
28. Qxc2 Rxc2 29. Nxb4 Rb2 30. Nc6 Bc7 31. Ne7+ Kf8 32. Nc6 Rxb3 33. Rd1 g5 34.
d4 Rc3 35. Na7 Kg7 36. Nb5 Rc6 37. d5 Rc4 38. Ra1 Kg6 39. Ra7 Bb8 40. Rb7 Rc8
41. Na7 Bxa7 42. Rxa7 Nh7 43. Ra6 Rd8 44. Bc5 f6 45. Bxd6 h5 46. Bxe5 Kg7 47.
Bd4 h4 48. d6 Kg6 49. e5 fxe5 50. Bxe5 1-0

[Event "Challenge"]
[Site "http://www.queenalice.com/game.php?id=1216450"]
[Date "2013.9.12"]
[Round "-"]
[White "sioux"]
[Black "Igor2000"]
[Result "0-1"]
[WhiteElo "1580"]
[BlackElo "1876"]

1. e4 c5 2. c4 d6 3. Nf3 Nc6 4. Bd3 e6 5. b3 Nf6 6. O-O Be7 7. Bc2 d5 8. exd5
exd5 9. d3 O-O 10. a3 d4 11. Bg5 Bg4 12. Nbd2 Ne5 13. Qe1 Nxf3+ 14. gxf3 Bh3 15.
Ne4 Nxe4 16. Bxe7 Qxe7 17. fxe4 Bxf1 18. Qxf1 Qg5+ 19. Qg2 Qd2 20. Ra2 Qc1+ 21.
Qf1 Qg5+ 22. Qg2 Qf6 23. b4 Qf4 24. bxc5 Qc1+ 25. Qf1 Qg5+ 26. Qg2 Qxc5 27. a4
a6 28. a5 b5 29. cxb5 axb5 30. f3 b4 31. Bb3 Qc1+ 32. Qf1 Qg5+ 33. Rg2 Qxa5 34.
Qf2 Qa1+ 35. Qf1 Qc3 36. Bd5 Ra1 37. Qxa1 Qxa1+ 38. Kf2 Qc3 39. Ke2 Qc2+ 40. Kf1
Qd1+ 41. Kf2 Qxd3 42. Rg4 b3 43. Rf4 Qe3+ 44. Kg3 b2 45. Ba2 d3 46. h4 d2 0-1

[Event "Challenge"]
[Site "http://www.queenalice.com/game.php?id=1219650"]
[Date "2013.9.25"]
[Round "-"]
[White "dejami"]
[Black "sioux"]
[Result "1-0"]
[WhiteElo "1698"]
[BlackElo "1578"]

1. e4 e5 2. Bc4 Nf6 3. Qf3 Bc5 4. Nh3 h6 5. Ng1 d6 6. Ne2 Bg4 7. Qb3 O-O 8. f3
Bd7 9. Qxb7 Nc6 10. Qb3 Rb8 11. Qc3 Bb4 12. Qd3 a5 13. a3 Bc5 14. c3 Bb6 15. g4
Qe8 16. h4 g6 17. Qc2 Be6 18. Bd3 Rb7 19. Bb5 Bd7 20. d3 Rb8 21. Bxh6 Rb7 22.
Ba4 Qb8 23. h5 Re8 24. Bg5 Re6 25. Ng3 Ba7 26. Ra2 Nh7 27. Qd2 Be8 28. Be3 Bxe3
29. Qxe3 Rxb2 30. Rxb2 Qxb2 31. Nd2 Qxc3 32. Bb5 Qxa3 33. Bxc6 Bxc6 34. Ke2 Bb5
35. Rb1 c6 36. Rb3 Qa2 37. Qa7 a4 38. Rc3 Ng5 39. Ke3 Qa1 40. Ne2 Nh3 41. Rc1
Qa3 42. Rc3 Qb4 43. Rc1 c5 44. Rb1 Qa3 45. Rxb5 Qa1 46. Rb7 1-0